| 000 | 01613nam a2200361 a 4500 | ||
|---|---|---|---|
| 001 | 000012162 | ||
| 003 | DO-SdBPM | ||
| 005 | 20250624122747.0 | ||
| 007 | ta | ||
| 008 | 091106s1995 dr r 000 j spa d | ||
| 040 |
_aDO-SdBPM _bspa _cBPMSU _drda |
||
| 082 | 4 |
_aRD863.44 _bJ61u 1995 _222 |
|
| 100 | 1 |
_aJiménez Espino, Rafael, _d1943- _eautor _4aut |
|
| 245 | 1 | 3 |
_aEl último tren de Sánchez : _bcuentos y vivencias de mi pueblo / _cRafael Jiménez Espino (Persio) ; prólogo Esteban Michelena. |
| 264 |
_aSanto Domingo : _bBanco de Reservas de la República Dominicana, _c1995. |
||
| 300 |
_a180 páginas. ; _c23 cm. |
||
| 336 |
_atexto _btxt _2rdacontent |
||
| 337 |
_asin mediación _bn _2rdamedia |
||
| 338 |
_avolumen _bnc _2rdacarrier |
||
| 490 | 0 |
_aArte y cultura, _v1 |
|
| 500 | _aIncluye datos biográficos del autor en las solapas de las cubiertas. | ||
| 500 | _aEsta colección es un programa cultural de la Dirección de Relaciones Públicas y Difusión. | ||
| 505 |
_aPrólogo. _tI. El Matrimonio.-- _tII. El General Alcántara.-- _tIII. El Tío Luis.-- _tIV. Don Rafael.-- _tV. Sacarías y Doña Martha.-- _tVI. doña Chela.-- _tVII. La Virgen de la Fuente.-- _tVIII. Persio (el brujo más grande del pueblo). |
||
| 590 | _aInventariado, 2025/VM | ||
| 650 | 7 | _aCuentos dominicanos | |
| 650 | 7 | _aLiteratura dominicana. | |
| 650 | z | _aShort stories, Dominican | |
| 650 | z | _aDominican literature | |
| 651 | 4 |
_aSanta Bárbara de Samaná (República Dominicana) _xHistoria local |
|
| 700 | 1 |
_aMichelena, Esteban, _eprólogo |
|
| 910 | _aVMateo V. Control de calidad. BPMSU | ||
| 942 |
_2ddc _cBK |
||
| 999 |
_c15206 _d15206 |
||